Responses for show #7449 - Thursday, January 19, 2017

Contestants

Neil Uspal, a pediatric emergency medicine physician from Seattle, Washington

Rachel Bauman, a graduate student from Bethesda, Maryland

John Avila, an attorney from Arlington, Virginia (whose 3-day cash winnings total $40,600)

Jeopardy! Round responses

IT DOESN'T GROW ON TREES
ADJECTIVAL DESCRIPTION
BODY WORKS
SONG OF "MYSELF"
THE NEW TESTAMENT
STRAIGHT OUTTA...
    $200 17
tackle

Rachel
    $200 19
equine

John
    $200 5
skin

John
    $200 7
"Dancing With Myself"

Neil
    $200 1
Peter

Rachel
    $200 22
New Haven

Neil
    $400 27
a lava lamp

Neil
    $400 16
snoopy

John
    $400 8
the shoulder

Neil
    $400 12
"Me, Myself and I"

Rachel
    $400 2
Egypt

John
    $400 23
Tyra Banks

Neil
    $600 28
a shot put

Neil
    $600 18
elementary

John
    $600 9
white blood cells

Neil
    $600 13
"All By Myself"

John
    $1,000 3
Thomas

John
    $600 24
Buenos Aires

Neil
    $800 29
rupees

Rachel
    $800 20
(Alex: Sounds like me, I'm the one who recorded that.)

offbeat

John
    $800 10
the heel

Neil
    $800 14
"I Hate Myself For Loving You"

John
    $800 4
the kingdom of heaven

Neil
    $800 25
(Megyn) Kelly

Rachel
    $1000 30
Portland cement

Triple Stumper
    $1000 21
elliptical

Triple Stumper
    $1000 11
vestigial

Rachel
    $1000 15
"Write Myself A Letter"

Rachel
    $1000 6
Lazarus

John
    $1000 26
(Neil: Who is Frazen?)
(Alex: Say it again.)
(Neil: Frazen?)

(Jonathan) Franzen

RachelNeil

Scores at the first commercial break (after clue 15):

John Rachel Neil
$4,000 $2,600 $2,800

Scores at the end of the Jeopardy! Round:

John Rachel Neil
$6,000 $5,400 $4,000

Double Jeopardy! Round responses

IT GROWS ON TREES
AUTHORS' OTHER JOBS
IF THEY MARRIED
ON THE LAOS
SILENT "O"
A DATE FOR THE INAUGURAL BALL
    $400 26
a palm tree

John
    $400 10
a steamboat pilot

Neil
    $400 1
(Debbie) Harry-Carrey

Neil
    $400 7
(John: What is Cambodia?)
(Neil: What is Vietnam?)

Thailand

JohnRachelNeil
    $400 25
jeopardy

Neil
    $400 6
1865

Neil
    $800 15
a sloth

Rachel
    $800 11
Thoreau

Neil
    $800 2
Anita Mann

Triple Stumper
    $800 8
France

Rachel
    $800 19
a subpoena

Rachel
    $800 21
(Rachel: What are after-parties?)

January 20

RachelNeil
    $1200 16
lichen

Rachel
    $1200 12
a librarian

Rachel
    $1200 3
Bubba and Zadie

Triple Stumper
    $2,000 9
(Rachel: What is the Yellow River?)

the Mekong

Rachel
    $1200 18
(Rachel: What is an ocelot?)

a leopard

RachelNeil
    $1200 22
1977

Neil
    $1600 17
kudzu

Neil
    $1600 13
an exterminator

Rachel
    $1600 4
a Paige Turner

John
    $1600 20
colonel

Neil
    $2,000 23
1809

Neil
    $2000 28
durian

Triple Stumper
    $2000 14
(Franz) Kafka

Neil
    $2000 5
a Block Grant

Triple Stumper
    $2000 29
[The end-of-round signal sounds.]

Hmong

Triple Stumper
    $2000 27
the people

Triple Stumper
    $2000 24
(Alex: Less than a minute now.)

March

Neil

Scores at the end of the Double Jeopardy! Round:

John Rachel Neil
$7,600 $8,200 $18,400
(lock game)

[wagering suggestions for these scores]

Final Jeopardy! Round responses

20th CENTURY ARTISTS
JohnWho is Picasso?
$601
RachelWho is Picasso?
$0
NeilWho is Man Ray Picasso
$1,000
(Pablo) Picasso

Final scores:

John Rachel Neil
$8,201 $8,200 $19,400
2nd place: $2,000 3rd place: $1,000 New champion: $19,400

Game dynamics:

Coryat scores:

John Rachel Neil
$7,200 $10,200 $18,000
12 R
(including 1 DD),
1 W
15 R,
3 W
(including 1 DD)
23 R
(including 1 DD),
2 W

Combined Coryat: $35,400

The J! Archive is created by fans, for fans. The Jeopardy! game show and all elements thereof, including but not limited to copyright and trademark thereto, are the property of Jeopardy Productions, Inc. and are protected under law. This website is not affiliated with, sponsored by, or operated by Jeopardy Productions, Inc. Join the discussion at JBoard.tv.